Impuesto sobre los bienes personales (Registro nro. 187)

Detalles MARC
000 -LEADER
fixed length control field 01094 a2200217 4500
001 - CONTROL NUMBER
control field 1887
005 - DATE AND TIME OF LATEST TRANSACTION
control field 20260407155418.0
008 - FIXED-LENGTH DATA ELEMENTS--GENERAL INFORMATION
fixed length control field 260407a2009 arg spa d
003 - CONTROL NUMBER IDENTIFIER
control field AR-UNSa-BCEJYS
040 ## - CATALOGING SOURCE
Original cataloging agency AR-UNSa-BCEJYS
Language of cataloging spa
Transcribing agency AR-UNSa-BCEJYS
080 ## - UNIVERSAL DECIMAL CLASSIFICATION NUMBER
Universal Decimal Classification number 336.226
Common auxiliary subdivision Tipos de impuestos. Impuestos directos e indirectos<br/>
020 ## - INTERNATIONAL STANDARD BOOK NUMBER
International Standard Book Number 978-987-01-0987-7
100 1# - MAIN ENTRY--PERSONAL NAME
Personal name Gebhardt, Jorge
245 10 - TITLE STATEMENT
Title Impuesto sobre los bienes personales
264 #1 - PRODUCTION, PUBLICATION, DISTRIBUTION, MANUFACTURE, AND COPYRIGHT NOTICE
Place of production, publication, distribution, manufacture Buenos Aires :
Name of producer, publisher, distributor, manufacturer Errepar
Date of production, publication, distribution, manufacture, or copyright notice 2009
300 ## - PHYSICAL DESCRIPTION
Extent xxii, 360 p.
Dimensions 21 cm.
505 ## - FORMATTED CONTENTS NOTE
Formatted contents note 1. Conceptos generales - 2. La imposición sobre el patrimonio de las empresas - 3. La imposición sobre el patrimonio de las personas físicas - 4. Características del impuesto - 5. Objeto del impuesto - 6. Sujetos - 7. Exenciones - 8. Base imponible - 9. Normas de declaración e ingreso del gravámen - 10. Responsable sustituto - 11. Casos prácticos
590 ## - LOCAL NOTE (RLIN)
Local note niveau_biblio:m niveau_hierar:0
856 41 - ELECTRONIC LOCATION AND ACCESS
Uniform Resource Identifier <a href="https://biblioeco.unsa.edu.ar/pmb/images/libros/Impuestos sobre los Bienes Personales-l118169.jpg">https://biblioeco.unsa.edu.ar/pmb/images/libros/Impuestos sobre los Bienes Personales-l118169.jpg</a>
Link text Imagen de portada
Electronic format type image/jpeg
942 ## - ADDED ENTRY ELEMENTS (KOHA)
Koha item type
Existencias
Withdrawn status Lost status Damaged status Not for loan Home library Current library Shelving location Date acquired Total checkouts Full call number Barcode Date last seen Price effective from Koha item type
        Biblioteca Prof. Eusebio Cleto del Rey Biblioteca Prof. Eusebio Cleto del Rey   07/04/2026   336.226 G293 L118169 07/04/2026 07/04/2026 Libro
        Biblioteca Prof. Eusebio Cleto del Rey Biblioteca Prof. Eusebio Cleto del Rey   07/04/2026   336.226 G293 L118170 07/04/2026 07/04/2026 Libro
        Biblioteca Prof. Eusebio Cleto del Rey Biblioteca Prof. Eusebio Cleto del Rey   07/04/2026   336.226 G293 L118171 07/04/2026 07/04/2026 Libro
        Biblioteca Prof. Eusebio Cleto del Rey Biblioteca Prof. Eusebio Cleto del Rey   07/04/2026   336.226 G293 L118172 07/04/2026 07/04/2026 Libro
        Biblioteca Prof. Eusebio Cleto del Rey Biblioteca Prof. Eusebio Cleto del Rey   07/04/2026   336.226 G293 L118173 07/04/2026 07/04/2026 Libro